|
|
|
|
| LEADER |
00000cam a2200000 7i4500 |
| 001 |
0000006712 |
| 005 |
20220105104025.0 |
| 008 |
070820 |
| 020 |
|
|
|a 9830234649
|
| 090 |
0 |
0 |
|a JP
|b EL ENG (6395)
|
| 100 |
0 |
|
|a Hajah Rohana Hussin
|
| 245 |
1 |
0 |
|a Alis's red ball
|c Hajah Rohana Hussin and friend
|
| 260 |
|
|
|a Selangor :
|b Pustaka Cita Tinggi ,
|c 2005
|
| 440 |
|
|
|a My first reading books
|
| 500 |
|
|
|a Children age 4-6 years old (yellow)
|
| 650 |
|
0 |
|a Children preschool
|x English
|x Languages
|
| 650 |
|
0 |
|a Early Learning
|
| 999 |
|
|
|a 0000107698
|b Book
|c Children Collection
|e Cawangan Bukit Gambir
|
| 999 |
|
|
|a 0000987038
|b Book
|c Children Collection
|e Perbadanan Perpustakaan Awam Johor
|
| 999 |
|
|
|a 0001076987
|b Book
|c Children Collection
|e Cawangan Bukit Gambir
|